| 000 | 00799nam a2200301Ia 4500 | ||
|---|---|---|---|
| 008 | 170203s9999 xx 000 0 und d | ||
| 020 | _a0-590687794 | ||
| 050 | _aFic | ||
| 050 | _bSt783s | ||
| 100 | _aStamper, Judith Bauer. | ||
| 245 | 2 | _aA squeak, a squeal, and a screech! / | |
| 245 | _cby Judith Bauer Stamper ; illustrated by Cynthia Fisher. | ||
| 260 | _aNew York : | ||
| 260 | _bScholastic, | ||
| 260 | _c©1999. | ||
| 300 | _a24 pages : | ||
| 300 | _bcolor illustrations ; | ||
| 300 | _c23 cm. | ||
| 440 | _aScholastic at-home phonics reading program, 31. | ||
| 650 | _aCamping -- | ||
| 650 | _aFear -- | ||
| 650 | _aNoise -- | ||
| 650 | _aPhonetics -- | ||
| 650 | _xFiction. | ||
| 650 | _xFiction. | ||
| 650 | _xFiction. | ||
| 650 | _xJuvenile fiction. | ||
| 999 |
_c306501 _d306501 |
||